| 000 | 00551nam a2200181 a 4500 | ||
|---|---|---|---|
| 005 | 20140310183300.0 | ||
| 008 | 041203s19uu xx 00 eng d | ||
| 050 |
_aP 93.53 _b.D671 2000 |
||
| 100 | _aDominguez-Madrid, Evangeline | ||
| 245 |
_aPowerpoint presentation for beginners/. _cEvangeline Madrid -Dominguez |
||
| 260 |
_aMandaluyong City : _bHyperbit Computer system, _c2000. |
||
| 300 |
_a147 p. : _bill. ; _c25 cm. |
||
| 521 | _aIT | ||
| 650 | _aPowerpoint. | ||
| 700 | _aZipagan-Alam, Andrea | ||
| 942 |
_cBK _2lcc _kLOC |
||
| 999 |
_c20938 _d20938 |
||